000 00366nam a2200145Ia 4500
008 230917s9999||||xx |||||||||||||| ||und||
040 _e44342
_aMAIN
041 _aEnglish
082 _a294.6 D159S
100 _aSingh, Dalip
245 0 _aSikhism: a modern and psychological perspective
260 _aChandigarh
_bBharti
_c1979
300 _a130 p.
942 _cBK
999 _c223432
_d223432